| 000 | 00484nmm a2200157Ia 4500 | ||
|---|---|---|---|
| 008 | 251105s9999||||xx |||||||||||||||||und|| | ||
| 020 | _a9788431540210 | ||
| 041 | _aspa | ||
| 100 | _aAubonet-Caupin, Sylvie | ||
| 245 | 0 |
_aCocina rápida para mujeres de hoy : _b 160 recetas fáciles, sabrosas y rápidas |
|
| 264 |
_a[Madrid, España] : _bDe Vecchi, _c2012 |
||
| 300 | _a200 páginas | ||
| 650 | _aCooking | ||
| 856 | _uhttps://public.digitaliapublishing.com/a/31137 | ||
| 942 | _cCF | ||
| 999 |
_c81550 _d81550 |
||